Konštrukcie snímačov neelektrických veličín. Súbor vynálezov, patentov, úžitkových vzorov a publikácií : Obhj. 14.3.2006, č. ved. odb. 5-2-54

Salvato in:
Dettagli Bibliografici
Autore principale: Kalaš, Andrej, 1941- (Autore)
Altri autori: Smieško, Viktor, 1948- (Relatore della tesi), Hučko, Branislav, 1961- (Relatore della tesi)
Natura: Manoscritto Libro
Lingua:slovacco
Pubblicazione: Bratislava : STU v Bratislave FEI, 2006
Soggetti:
Tags: Aggiungi Tag
Nessun Tag, puoi essere il primo ad aggiungerne!!

MARC

LEADER 00000ntm a22000003a 4500
001 stu116980
005 20150617225843.0
008 060428s2006----xo------------------slo-d
040 |a STU  |b slo 
041 0 |a slo 
044 |a xo 
080 |a 001.894 
080 |a 347.771 
100 1 |a Kalaš, Andrej,  |d 1941-  |4 aut  |u E180  |U FEI Fakulta elektrotechniky a informatiky  |T FEI Katedra mechaniky  |X 2022  |U E180  |Y 65  |7 A000002022 
245 1 |a Konštrukcie snímačov neelektrických veličín. Súbor vynálezov, patentov, úžitkových vzorov a publikácií :  |b Obhj. 14.3.2006, č. ved. odb. 5-2-54 
260 |a Bratislava :  |b STU v Bratislave FEI,  |c 2006 
300 |a 105 s  |c príl. 
650 7 |a Meracia technika  |2 stusub 
650 7 |a vynálezy  |2 stusub 
650 7 |a patenty  |2 stusub 
700 1 |a Smieško, Viktor,  |d 1948-  |4 ths  |u E040  |U FEI Fakulta elektrotechniky a informatiky  |T FEI Ústav elektrotechniky  |X 2086  |U E040  |Y 550  |7 A000002086 
700 1 |a Hučko, Branislav,  |d 1961-  |4 ths  |u E180  |U FEI Fakulta elektrotechniky a informatiky  |T FEI Katedra mechaniky  |X 2025  |U E180  |Y 65  |7 2025 
996 |b 284ED01113  |c E*PGŠ-923  |l EE01  |s A  |a 24  |w stu116980_0001